00202nam a2200073Ia 4500008004100000082002200041245005200063300001300115230907s9999||||xx |||||||||||||| ||und|| a333.7387404,bECO 0aEconomic evaluation of climate change impacts / apages cm